omni words - Statistics

General Stats
  • This quiz has been taken 414 times
  • The average score is 4 of 16
Answer Stats
Definition Omni Word % Correct
all powerful omnipotent
86%
existing everywhere omnipresent
71%
all knowing omniscient
60%
eating everything omnivorous
46%
fluency in all languages omnilingual
45%
printed themed anthology omnibus
31%
believer in all religions omnist
25%
transmitting in all directions omnidirectional
24%
all loving/infinitely good omnibenevolent
11%
fiasco; debacle; clusterf*c# omnishambles
4%
total extinction of humanity omnicide
3%
including all bodies omnicorporeal
3%
to render universal; enlarge omnify
3%
likely to drink anything omnibibulous
1%
able to produce anything omnipregnant
1%
perceiving all things omnipercepient
0%
No matching quizzes found
Score Distribution
Percent of People with Each Score
Percentile by Number Answered
Your Score History
You have not taken this quiz